Filosofía contemporánea: estudios y notas

Gorde:
Xehetasun bibliografikoak
Egile nagusia: Romero, Francisco (Egilea)
Formatua: Liburua
Hizkuntza:gaztelania
Argitaratua: Buenos Aires Losada 1941
Saila:Bibloteca Filosófica
Gaiak:
Etiketak: Etiketa erantsi
Etiketarik gabe, Izan zaitez lehena erregistro honi etiketa jartzen!

MARC

LEADER 00000nam a2200000 a 4500
001 UCZ1860
003 CL-VaPUC
005 20240902144224.0
008 950914e19410000AG |||||||||||||||||spa|d
999 |c 238541  |d 238539 
040 |c Pontificia Universidad Católica de Valparaíso 
082 0 4 |a 190  |b ROM  |2 21 
100 0 |a Romero, Francisco  |e author  |9 345542 
245 1 0 |a Filosofía contemporánea: estudios y notas 
260 |a Buenos Aires  |b Losada  |c 1941 
300 |a 208 p 
490 0 |a Bibloteca Filosófica 
583 |a last modification  |c 19950914 00:00:00  |k Rodrigo Vera 
600 0 |a Descartes, René  |e autor  |9 265906 
600 0 7 |a Husserl, Edmund   |d 1859-1938  |9 575718 
600 0 7 |a SCHELER, MAX  |2 CL-VaPUC  |9 311258 
650 0 |a Filosofía moderna  |9 258121 
650 0 |a Historia  |9 255047 
650 0 |a Tiempo   |9 267892 
650 0 |a Cultura  |9 269059 
650 0 |a Ontología   |9 256850 
852 |a BIBCUR 
942 |c BK  |2 ddc 
945 |d 19950914 00:00:00  |a rbrito 
952 |0 0  |1 0  |4 0  |6 190_000000000000000_ROM_1941  |7 0  |8 P  |9 248789  |a BIBEDU  |b BIBEDU  |c BIBEDU_PB  |d 2019-11-18  |i 3132919  |o 190 ROM 1941  |p 3132919  |r 2024-01-25  |w 2019-11-18  |y BK  |k FIL